000 00479nam a2200181Ia 4500
003 GCL
008 140319s9999 xx 000 0 eng d
040 _aGCL /
_cGCL
082 0 4 _aCC
_b299.31
_bV R
100 1 _aVANDIER, JACQUES
245 1 0 _aLA RELIGION EGYPTONNE /
_cVANDIER, JACQUES
260 _a[S.N] :
_bPRESSES UNIVERSITAIRES DE FRANCE ،
_c1949
300 _a249
650 0 4 _aRELIGION
650 0 4 _aEGYPT - HISTORY
650 0 4 _aEGYPT - RELIGION
942 _2ddc
_cBK
999 _c19614
_d19614